Sväté písmo Nový zákon

Bibliographic Details
Other Authors: Heriban, Jozef, 1925-2009 (Author of introduction, etc.)
Format: Book
Language:Slovak
Latin
PhysicalDescription:589 s. 13 cm
Published: Trnava Spolok svätého Vojtecha 2013
ISBN:9788071629610 (brož.)
Subjects:

MARC

LEADER 00000cam a2200000 a 4500
001 vtls010539867
003 SK-MaSNL
005 20260302012955.0
008 201207s2013 xo f n 000 0 slo
015 |a SNBA2013/10 
020 |a 9788071629610 (brož.) 
035 |a 555F1B3D-84E2-4E78-810C-460E32217B9B 
035 |a urn:nbn:sk:snk-am3ibpc 
035 |a urn:nbn:sk:snk-am00e16t 
040 |a SNK  |b slo  |c SNK  |e AACR2 
041 1 |a slo  |h lat 
044 |a xo  |c SK 
072 7 |a 2-23/-27  |x Biblia. Biblistika  |2 konspekt 
080 |a 27-246  |2 2001 
080 |a 27-232/-236  |2 2001 
080 |a (0:82-9)  |2 2001 
130 0 |a Biblia.  |l Slovensky  |9 96920 
245 1 0 |a Sväté písmo  |b Nový zákon  |c [úvody k spisom Nového zákona Jozef Heriban] 
246 3 0 |a Nový zákon 
260 |a Trnava  |b Spolok svätého Vojtecha  |c 2013 
300 |a 589 s.  |c 13 cm 
500 |a Z typického latinského vydania Vulgáty preložila redakčná rada Slovenskej liturgickej komisie 
500 |a Texty podľa vydania Spoloku svätého Vojtecha v Trnave, Sväté písmo Starého i Nového zákona, 1996] 
504 |a Pozn. ; bibliogr. odkazy 
630 0 7 |a Biblia  |p Nový zákon  |2 SNKPH 
650 0 7 |a biblické texty  |2 SNKPH  |9 1917 
650 0 7 |a Biblical texts  |2 SNKPHeng  |9 265584 
655 7 |a texty  |2 SNKPH  |9 70511 
655 7 |a Texts  |2 SNKPHeng  |9 302902 
700 1 |a Heriban, Jozef,  |d 1925-2009  |4 aui  |9 27006 
852 |a Štátna vedecká knižnica v Banskej Bystrici 
919 |a 978-80-7162-961-0 
958 |a OP 
958 |a NT 
958 |a NB 
968 |b LAT 
999 |c 1011301  |d 1013231 
952 |a SNK  |b SNK  |y PREZ  |7 0  |p 17A1083966  |o snkSE 12702  |i snk2013/23100  |8 0  |0 0  |1 0  |4 0  |d 2013-09-30  |f 1  |l 0  |r 2026-02-24 12:52:33  |w 2026-02-24 
952 |a SNK  |b SNK  |y VYP  |7 0  |p 17A1083965  |o snkSE 12702 D1  |i snk2013/23101  |8 0  |0 0  |1 0  |4 0  |d 2013-09-30  |l 0  |r 2026-02-24 12:52:33  |w 2026-02-24